| 000 | 00677nam a2200229 a 4500 | ||
|---|---|---|---|
| 008 | |||
| 020 | _a185317484X (pbk.) | ||
| 049 | _aMAIN | ||
| 090 |
_aRC671 _bCUR |
||
| 245 | 1 | 0 |
_aCurrent issues in cardiovascular therapy / _cEdited by Henry L. Elliott. |
| 260 |
_aLondon : _bMartin Dunitz, _c1997. |
||
| 300 |
_av, 66 p. : _bill. ; _c25 cm. |
||
| 500 | _aIncludes index. | ||
| 504 | _aIncludes bibliographical references. | ||
| 650 | 1 | _aCardiovascular therapy. | |
| 700 | _aElliott, Henry L. | ||
| 907 |
_a.b10271478 _b28-04-10 _c13-11-09 |
||
| 003 | |||
| 005 | 20230120204024.0 | ||
| 040 | _cNUST | ||
| 942 |
_cBOOKS _kRC671 _mCUR |
||
| 999 |
_c115729 _d115729 |
||